Dictionarium Saxonico-Latino-Anglicum, 1659.
| Main Author: | |
|---|---|
| Other Authors: | |
| Format: | Book |
| Language: | English English, Old (ca. 450-1100) Latin |
| Published: |
Menston :
Scolar P.,
1970.
|
| Series: | English linguistics, 1500-1800--a collection of facsimile reprints ;
no. 247. |
| Subjects: |
MARC
| Tag | First Indicator | Second Indicator | Subfields |
|---|---|---|---|
| LEADER | 00000cam a2200000 4500 | ||
| 001 | in00000152575 | ||
| 005 | 20151008075951.0 | ||
| 008 | 710726r19701659enk d 00000 eng | ||
| 010 | |a 77572630 | ||
| 015 | |a B70-27562 | ||
| 020 | |a 0854173684 | ||
| 035 | |a (OCoLC)00155008 | ||
| 035 | |9 AAT2147AM | ||
| 040 | |a DLC |c DLC |d TXA |d UtOrBLW | ||
| 041 | 0 | |a eng |a ang |a lat | |
| 049 | |a [Folio] TXAM |c [1142577] | ||
| 050 | 0 | 0 | |a PE275 |b .S6 1659a |
| 082 | 0 | |a 429/.3 | |
| 100 | 1 | |a Somner, William, |d 1598-1669. | |
| 245 | 1 | 0 | |a Dictionarium Saxonico-Latino-Anglicum, 1659. |
| 264 | 1 | |a Menston : |b Scolar P., |c 1970. | |
| 300 | |a [c. 400] pages ; |c 36 cm. | ||
| 336 | |a text |b txt |2 rdacontent | ||
| 337 | |a unmediated |b n |2 rdamedia | ||
| 338 | |a volume |b nc |2 rdacarrier | ||
| 490 | 1 | |a English linguistics, 1500-1800: a collection of facsimile reprints, |v no. 247 | |
| 500 | |a "A Scolar Press facsimile." | ||
| 500 | |a Facsimile reprint of 1st edition, 1659. | ||
| 500 | |a "Accesserunt lfrici ... Grammatica latino-saxonica, cum Glossario." | ||
| 650 | 0 | |a English language |y Old English, ca. 450-1100 |v Dictionaries |x Polyglot. | |
| 650 | 0 | |a Latin language |x Grammar |v Early works to 1500. | |
| 700 | 0 | 2 | |a Aelfric, |c Abbot of Eynsham. |t Grammatica latino-saxonica. |
| 830 | 0 | |a English linguistics, 1500-1800--a collection of facsimile reprints ; |v no. 247. | |
| 999 | |a MARS | ||
| 999 | f | f | |s e506bc4a-8a98-39a5-b759-7cf288300d11 |i d599090b-1c23-38a3-8e84-c1fd678d5f35 |t 0 |
| 952 | f | f | |p normal |a Texas A&M University |b College Station |c Sterling C. Evans Library |d Evans: Library Stacks |t 0 |e PE275 .S6 1659a |f Oversize |h Library of Congress classification |i unmediated -- volume |m A14805838900 |
| 998 | f | f | |a PE275 .S6 1659a |t 0 |l Evans: Library Stacks |